Central Java Regencies/Kabupaten (Blind Map) - Statistics

General Stats
  • This quiz has been taken 37 times
  • The average score is 21 of 35
Answer Stats
Picture Answer % Correct
Kabupaten Cilacap
79%
Kabupaten Semarang
79%
Kabupaten Jepara
76%
Kabupaten Brebes
72%
Kabupaten Klaten
72%
Kabupaten Magelang
72%
Kota Surakarta
72%
Kabupaten Karanganyar
69%
Kabupaten Kebumen
69%
Kabupaten Kudus
69%
Kabupaten Banyumas
66%
Kabupaten Pekalongan
66%
Kabupaten Pemalang
66%
Kabupaten Tegal
66%
Kabupaten Wonogiri
66%
Kabupaten Rembang
62%
Kabupaten Batang
59%
Kabupaten Boyolali
59%
Kabupaten Grobogan
59%
Kabupaten Purbalingga
59%
Kabupaten Sragen
59%
Kabupaten Wonosobo
59%
Kota Salatiga
59%
Kabupaten Pati
55%
Kabupaten Purworejo
55%
Kabupaten Sukoharjo
55%
Kabupaten Temanggung
55%
Kabupaten Banjarnegara
52%
Kabupaten Demak
52%
Kabupaten Kendal
52%
Kota Magelang
52%
Kota Semarang
48%
Kota Tegal
41%
Kota Pekalongan
38%
Kabupaten Blora
24%
No matching quizzes found
Score Distribution
Percent of People with Each Score
Percentile by Number Answered
Your Score History
You have not taken this quiz